000 01415nam a2200361 c 4500
003 BLK
005 20241112130443.0
008 180409b bul|||||r ||||||| ||bul||
010 _aKNG00136494000
020 _a978-954-28-1110-7
_bиздат.: Сиела Норма
040 _aBLK
041 _aBUL
_cBUL
072 7 _2bullib
_aН84
_xБългарска художествена литература Н
080 _aБългарска литература
_b821.163.2
_x-054.7-31
_z821.163.2-054.7-31
080 _aАнглийска литература
_b821.111
_x-31
_z821.111-31
100 1 _aКасабова, Капка
_eпърви автор
_9299888
700 1 _aЛакова, Лиляна
_eпрев. от англ.
_9279267
139 _aКасабова, Капка
_bК 45
245 1 0 _aВила Пасифика
_bРоман
_cКапка Касабова; прев. от англ. Лиляна Лакова.
257 _aNZE
260 София
_bСиела Норма
_c2012
300 _a248 с.
_c21 см
380 _aX
500 _aОриг. загл. Villa Pacifica / Kapka Kasabova. - Съдържа и за авт.
653 _aромани
659 _aН
852 _aЦб 256904
856 4 _qpdf
_u
856 4 _qpdf
_u
942 _cKNG
_n0
_09
944 _aCR
_c27.11.2012
_lМартин Енчев
_k30575
944 _aED
_c11.03.2014
_lф /
_k
999 _c130706
_d130706